<?xml version="1.0" encoding="UTF-8"?>
<record
    xmlns:xsi="http://www.w3.org/2001/XMLSchema-instance"
    xsi:schemaLocation="http://www.loc.gov/MARC21/slim http://www.loc.gov/standards/marcxml/schema/MARC21slim.xsd"
    xmlns="http://www.loc.gov/MARC21/slim">

  <leader>00916nam a2200265   4500</leader>
  <datafield tag="952" ind1=" " ind2=" ">
    <subfield code="a">0001</subfield>
    <subfield code="b">0001</subfield>
    <subfield code="d">2022-01-31</subfield>
    <subfield code="l">0</subfield>
    <subfield code="o">551.226 K89i 2021</subfield>
    <subfield code="p">020279</subfield>
    <subfield code="r">2022-01-31 00:00:00</subfield>
    <subfield code="w">2022-01-31</subfield>
    <subfield code="y">BKS</subfield>
  </datafield>
  <datafield tag="952" ind1=" " ind2=" ">
    <subfield code="a">0001</subfield>
    <subfield code="b">0001</subfield>
    <subfield code="d">2022-05-17</subfield>
    <subfield code="l">0</subfield>
    <subfield code="o">551.226 K89i 2021</subfield>
    <subfield code="p">020443</subfield>
    <subfield code="r">2022-05-17 00:00:00</subfield>
    <subfield code="w">2022-05-17</subfield>
    <subfield code="y">BKS</subfield>
  </datafield>
  <datafield tag="999" ind1=" " ind2=" ">
    <subfield code="c">14783</subfield>
    <subfield code="d">14783</subfield>
  </datafield>
  <controlfield tag="003">MIRAKIL</controlfield>
  <controlfield tag="005">20220131122540.0</controlfield>
  <controlfield tag="008">220131b        tu ||||| |||| 00| 0 tur d</controlfield>
  <datafield tag="020" ind1=" " ind2=" ">
    <subfield code="a">9786257288576</subfield>
  </datafield>
  <datafield tag="040" ind1=" " ind2=" ">
    <subfield code="a">TR-AnCHP</subfield>
    <subfield code="c">TR-AnCHP</subfield>
  </datafield>
  <datafield tag="041" ind1=" " ind2=" ">
    <subfield code="a">tur</subfield>
  </datafield>
  <datafield tag="082" ind1=" " ind2=" ">
    <subfield code="a">551.226</subfield>
    <subfield code="b">K89i 2021</subfield>
  </datafield>
  <datafield tag="100" ind1=" " ind2=" ">
    <subfield code="a">Kuzucu, Kemalettin</subfield>
  </datafield>
  <datafield tag="245" ind1="1" ind2="0">
    <subfield code="a">&#x130;stanbul'un deprem ger&#xE7;e&#x11F;i/</subfield>
    <subfield code="c">Kemalettin Kuzucu, Naci G&#xF6;r&#xFC;r, Mikdat Kad&#x131;o&#x11F;lu, Mehmet Nuray Ayd&#x131;no&#x11F;lu,... ve &#xF6;te.</subfield>
  </datafield>
  <datafield tag="260" ind1=" " ind2=" ">
    <subfield code="a">&#x130;stanbul:</subfield>
    <subfield code="b">&#x130;stanbul B&#xFC;y&#xFC;k&#x15F;ehir Belediyesi,</subfield>
    <subfield code="c">2021.</subfield>
  </datafield>
  <datafield tag="300" ind1=" " ind2=" ">
    <subfield code="a">542 s.:</subfield>
    <subfield code="b">fotg.;</subfield>
    <subfield code="c">27 sm.</subfield>
  </datafield>
  <datafield tag="504" ind1=" " ind2=" ">
    <subfield code="a">Dizin vard&#x131;r.</subfield>
  </datafield>
  <datafield tag="504" ind1=" " ind2=" ">
    <subfield code="a">Kaynak&#xE7;a b&#xF6;l&#xFC;m sonlar&#x131;ndad&#x131;r.</subfield>
  </datafield>
  <datafield tag="650" ind1=" " ind2="0">
    <subfield code="9">5670</subfield>
    <subfield code="a">Depremler</subfield>
    <subfield code="x">&#x130;stanbul</subfield>
  </datafield>
  <datafield tag="651" ind1=" " ind2="0">
    <subfield code="9">5576</subfield>
    <subfield code="a">&#x130;stanbul  (T&#xFC;rkiye)</subfield>
    <subfield code="x">Depremler</subfield>
    <subfield code="x">Sorunlar ve &#xE7;&#xF6;z&#xFC;mler</subfield>
  </datafield>
  <datafield tag="700" ind1=" " ind2=" ">
    <subfield code="9">6958</subfield>
    <subfield code="a">G&#xF6;r&#xFC;r, Naci</subfield>
  </datafield>
  <datafield tag="700" ind1=" " ind2=" ">
    <subfield code="9">6959</subfield>
    <subfield code="a">Kad&#x131;o&#x11F;lu, Mikdat</subfield>
  </datafield>
  <datafield tag="700" ind1=" " ind2=" ">
    <subfield code="9">6960</subfield>
    <subfield code="a">Ayd&#x131;no&#x11F;lu, Mehmet Nuray</subfield>
  </datafield>
  <datafield tag="942" ind1=" " ind2=" ">
    <subfield code="2">ddc</subfield>
    <subfield code="c">BKS</subfield>
  </datafield>
</record>
